000 00576nam a22001937a 4500
003 OSt
005 20160509102828.0
008 160509b xxu||||| |||| 00| 0 eng d
020 _a1567656188
040 _cdlc
082 _aR/973.31 PEI
245 _aReviewing U.S history and government
_cDr. Andrew Peiser, Michael Serber
260 _aNew York
_bAMSCO School Publications
_cc2001
300 _avii,318p.:ill.
_c26cm
500 _aIncludes questions and answers
650 _2UNITED STATES- HISTORY-EXAMINATIONS
651 _2UNITED STATES- GOVERNMENT
942 _2ddc
_cBK
999 _c6323
_d6323